| 000 | 02088nam0a2200325 4500 | ||
|---|---|---|---|
| 001 | RU\NLR\bibl\1753739 | ||
| 005 | 20260408022619.0 | ||
| 010 |
_a978-5-9900742-3-1 _9500 |
||
| 021 |
_aRU _b2011-14341 _91022 |
||
| 035 | _a(NLR Aleph) 001744581 | ||
| 090 |
_a1480674 _c1480674 |
||
| 100 | _a20110401d2010 |||y0rusy50 ca | ||
| 101 | 0 | _arus | |
| 102 | _aRU | ||
| 105 | _aac ||||||||| | ||
| 200 | 1 |
_aКерамика _eКафедра художественной керамики МГХПА им. С.Г.Строганова _eк 185-летию со дня основания Московской художественно-промышленной академии им. С.Г. Строганова _fавт.-сост.: А.М. Лиховцев _gпод общ. ред. к. искусствоведения, проф., чл. МОСХ А.Л. Удальцовой |
|
| 210 |
_aМосква _cИндивидуальный предприниматель Лиховцева Валентина Искандеровна _d2010 |
||
| 215 |
_a144 с. _cил., цв. ил., портр. _d28 |
||
| 601 | 0 | 2 |
_aМосковская государственная художественно-промышленная академия им. С.Н. Строганова _bКафедра художественной керамики _xПрофессора и преподаватели _92616333 _3RU\NLR\auth\661552892 |
| 606 | 1 |
_aКерамика русская _z20 - 21 вв. _92477005 _3RU\NLR\auth\661470708 |
|
| 686 | _aЧ489.714.2 | ||
| 686 | _aЩ125.13(2Р=Рус)7 | ||
| 702 | 1 |
_aЛиховцев _bА. М. _4220 |
|
| 702 | 1 |
_aУдальцова _bА. Л. _gАнна Леонидовна _4340 |
|
| 712 | 0 | 2 |
_4570 _aМосковская государственная художественно-промышленная академия им. С. Г. Строганова _bКафедра художественной керамики _3RU\NLR\AUTH\8810182961 _9862637 |
| 801 | 0 |
_aRU _bNLR _c20110401 _gRCR |
|
| 801 | 1 |
_aRU _bNLR _c20110401 |
|
| 942 | _cBOOK | ||
| 980 | _aNB | ||